Substrate integrated waveguide based leaky-wave antenna for narrow-beam applicaion (Record no. 332379)
[ view plain ]
| 000 -LEADER | |
|---|---|
| fixed length control field | 00563nam a22001457a 4500 |
| 082 ## - DEWEY DECIMAL CLASSIFICATION NUMBER | |
| Classification number | MSEE-06 MEM |
| 100 ## - MAIN ENTRY--PERSONAL NAME | |
| Personal name | Memoona Farooq |
| 245 ## - TITLE STATEMENT | |
| Title | Substrate integrated waveguide based leaky-wave antenna for narrow-beam applicaion |
| 260 ## - PUBLICATION, DISTRIBUTION, ETC. | |
| Place of publication, distribution, etc. | Islamabad |
| Name of publisher, distributor, etc. | NUST-SEECS |
| Date of publication, distribution, etc. | 2017 |
| 300 ## - PHYSICAL DESCRIPTION | |
| Extent | 41p. |
| Accompanying material | CD Includes |
| 856 ## - Uniform Resource Identifier | |
| Uniform Resource Identifier | <a href="http://10.250.8.41:8080/xmlui/handle/123456789/27922">http://10.250.8.41:8080/xmlui/handle/123456789/27922</a> |
| 942 ## - ADDED ENTRY ELEMENTS (KOHA) | |
| Source of classification or shelving scheme | |
| Koha item type | Thesis |
| Withdrawn status | Lost status | Source of classification or shelving scheme | Damaged status | Not for loan | Collection code | Permanent Location | Current Location | Shelving location | Date acquired | Source of acquisition | Total Checkouts | Full call number | Barcode | Date last seen | Price effective from | Koha item type | Date last checked out | Non-public note |
|---|---|---|---|---|---|---|---|---|---|---|---|---|---|---|---|---|---|---|
| Central Library (CL) | Central Library (CL) | General Stacks | 12/03/2017 | NUST-SEECS | MSEE-06 MEM | SEECSP02202 | 12/03/2017 | 12/03/2017 | Project Report | |||||||||
| Central Library (CL) | Central Library (CL) | Thesis | 08/17/2019 | 1 | 621.3 | CL-T-2585 | 03/19/2021 | 08/17/2019 | Thesis | 03/17/2021 | Minute Sheet No. 0929/02/CL/Survey/5 dated 23rd April 2024 E-MIN ID 114741 | |||||||
| Central Library (CL) | Central Library (CL) | Thesis | 12/13/2019 | 621.3MSEE-06 MEM | CL-T-4252 | 12/13/2019 | 12/13/2019 | Thesis | Minute Sheet No. 0929/02/CL/Survey/5 dated 23rd April 2024 E-MIN ID 114741 |
